| 000 | 00750nam a22002297a 4500 | ||
|---|---|---|---|
| 005 | 20251108173337.0 | ||
| 008 | 250721s2004 xx 000 0 ara d | ||
| 020 | _a9957090844 | ||
| 082 | 1 | 4 | _a346.031/صوي |
| 100 | 1 | _aالصويص، سهيل يوسف | |
| 245 | 1 | 0 | _aمسؤولية الطبيب بين حقوق المريض و متطلبات القانون الحديث / |
| 264 | 1 |
_aعمان : _bدار أزمنة للنشر و التوزيع، _c2004. |
|
| 300 | _a377 ص | ||
| 490 | 0 | _aدراسات طب/ قانون | |
| 650 | 1 | 7 | _aالتبعية القانونية |
| 650 | 1 | 7 | _aالإهمال |
| 650 | 1 | 7 | _aالعطل و الضرر |
| 650 | 1 | 7 | _aالأطباء |
| 653 | _aالمريض | ||
| 942 |
_2ddc _cBK |
||
| 999 |
_c101732 _d101732 |
||